Emerging Issues in Asia (Record no. 542841)
[ view plain ]
| 000 -LEADER | |
|---|---|
| fixed length control field | 00530nam a22001697a 4500 |
| 020 ## - INTERNATIONAL STANDARD BOOK NUMBER | |
| International Standard Book Number | 8990000017 |
| 082 ## - DEWEY DECIMAL CLASSIFICATION NUMBER | |
| Classification number | 363.7392 |
| Author Mark | EME |
| -- | D |
| 100 ## - MAIN ENTRY--PERSONAL NAME | |
| Personal name | RAE, Kang |
| 9 (RLIN) | 38194 |
| 245 ## - TITLE STATEMENT | |
| Title | Emerging Issues in Asia |
| Remainder of title | Proceedings of the 2nd IUAPPA Regional Conference on Air Polution, September 4 to 6, 1991 Korea |
| 260 ## - PUBLICATION, DISTRIBUTION, ETC. | |
| Place of publication, distribution, etc. | Korea |
| Name of publisher, distributor, etc. | KAPRA |
| Date of publication, distribution, etc. | 1991 |
| 300 ## - PHYSICAL DESCRIPTION | |
| Extent | vi. 447P. |
| Dimensions | 24cm |
| 526 ## - STUDY PROGRAM INFORMATION NOTE | |
| Program name | 0 |
| Interest level | 0 |
| Reading level | 0 |
| Title point value | 363_739200000000000_EME |
| 650 ## - SUBJECT ADDED ENTRY--TOPICAL TERM | |
| Topical term or geographic name entry element | MCE |
| 9 (RLIN) | 379 |
| 700 ## - ADDED ENTRY--PERSONAL NAME | |
| Personal name | Cho, Rae Kang |
| 9 (RLIN) | 38195 |
| 710 ## - ADDED ENTRY--CORPORATE NAME | |
| Corporate name or jurisdiction name as entry element | Dong Sool Kim |
| 9 (RLIN) | 38196 |
| 942 ## - ADDED ENTRY ELEMENTS (KOHA) | |
| Source of classification or shelving scheme | |
| Koha item type | Book |
| Withdrawn status | Lost status | Source of classification or shelving scheme | Damaged status | Not for loan | Permanent Location | Current Location | Date acquired | Total Checkouts | Full call number | Barcode | Date last seen | Price effective from | Koha item type | Public note |
|---|---|---|---|---|---|---|---|---|---|---|---|---|---|---|
| Military College of Engineering (MCE) | Military College of Engineering (MCE) | 02/20/2014 | 363.7392 EME | MCE-42461 | 02/20/2014 | 03/14/2021 | Book | V-1 |
